Catálogo

LA ADMINISTRACION DEL URBANISMO (Registro nro. 12371)

Detalles MARC
000 -LEADER
fixed length control field 00489nam a2200181 a 4500
001 - CONTROL NUMBER
control field 12371
005 - DATE AND TIME OF LATEST TRANSACTION
control field 20180713200630.0
008 - FIXED-LENGTH DATA ELEMENTS--GENERAL INFORMATION
fixed length control field 140415s1971 sp 000 0 spa d
041 ## - LANGUAGE CODE
Language code of text/sound track or separate title spa
082 ## - DEWEY DECIMAL CLASSIFICATION NUMBER
Classification number 711
Item number CIE
100 1# - MAIN ENTRY--PERSONAL NAME
Personal name CAMPOS VENUTI, G.
245 13 - TITLE STATEMENT
Title LA ADMINISTRACION DEL URBANISMO
250 ## - EDITION STATEMENT
Edition statement 1a ed.
260 ## - PUBLICATION, DISTRIBUTION, ETC.
Place of publication, distribution, etc. ESPAÑA :
Name of publisher, distributor, etc. G. GILI,
Date of publication, distribution, etc. 1971
490 ## - SERIES STATEMENT
Series statement CIENCIA URBANISTICA
Volume/sequential designation 5
650 14 - SUBJECT ADDED ENTRY--TOPICAL TERM
Topical term or geographic name entry element ADMINISTRACION
General subdivision URBANISMO
700 1# - ADDED ENTRY--PERSONAL NAME
Personal name SOLER LlUSA, JAIME
Relator term tr.
Existencias
Withdrawn status Lost status Source of classification or shelving scheme Damaged status Not for loan Collection code Home library Current library Shelving location Date acquired Source of acquisition Inventory number Total Checkouts Full call number Barcode Date last seen Price effective from Koha item type
    Dewey Decimal Classification     General Biblioteca Karol Wojtyla Biblioteca Karol Wojtyla Área de silencio 03/12/2013 Compra 151000000000000000028285   711 CIE 28323 05/01/2026 03/12/2013 Libro